| 000 | 00650nam a2200205 a 4500 | ||
|---|---|---|---|
| 001 | 3692 | ||
| 003 | CDMR | ||
| 005 | 20131030163751.0 | ||
| 008 | 130130s2003||||||||||||||||||||||||||||d | ||
| 020 | _a8478710477 | ||
| 040 |
_aCDMR _bcat _cCDMR |
||
| 100 | 1 |
_aPolitkovskaya, Anna _92630 |
|
| 245 | 1 | 4 |
_aUna guerra sucia _b: una reportera rusa en Chechenia _cAnna Politkovskaya ; traducción de Catalina Martínez |
| 260 |
_aBarcelona _c2003 _bRBA |
||
| 300 | _a383 p. | ||
| 650 | 0 | 4 |
_9797 _aReportatges literaris |
| 650 | 0 | 4 |
_94231 _aRússia (Federació) _xPolítica i govern |
| 650 | 0 | 4 |
_94230 _aRússia (Federació) _xHistòria _y1999-2001 |
| 942 |
_cMON _2udc |
||
| 999 |
_c3692 _d3692 |
||